000
00225nam a2200109Ia 4500
100
_a
CIMI-DGET
942
_c
BK
245
_a
MACHINIST-IST YEAR ASSIGNMENTS/TEST
260
_b
CIMI
_a
Chennai
546
_a
ENGLISH
999
_c
31334
_d
31334